01345nam a2200337 a 4500001001200000003000800012006001900020007001500039008004100054010001700095020001800112020001800130020001500148040002100163035002100184043001200205050002300217082001500240245013300255260005700388300001100445500008800456533015200544650003400696655002900730700002200759710006600781710001700847856012600864999001700990ebr10231219CaPaEBRm u cr cn|||||||||711020s1969 mnu s 000 0 eng d z 66019124  z9780816605347 z9780816661367 z0816607508 aCaPaEBRcCaPaEBR a(OCoLC)646750275 an------14aPS634b.B32 1969eb04a812/.5/40800aPlaywrights for tomorrowh[electronic resource] :ba collection of plays. Vol. 5 /cedited, with an introd. by Arthur H. Ballet. aMinneapolis :bUniversity of Minnesota Press,c1969. a160 p. aA project of the Office for Advanced Drama Research of the University of Minnesota. aElectronic reproduction.bPalo Alto, Calif. :cebrary,d2013.nAvailable via World Wide Web.nAccess may be limited to ebrary affiliated libraries. 0aAmerican dramay20th century. 7aElectronic books.2local1 aBallet, Arthur H.2 aUniversity of Minnesota.bOffice for Advanced Drama Research.2 aebrary, Inc.40uhttp://site.ebrary.com/lib/rucke/Doc?id=10231219zAn electronic book accessible through the World Wide Web; click to view c39608d39608